Λογιστικά φύλλα με χρήση του ελληνικού Microsoft Excel 2000
Αποθηκεύτηκε σε:
| Άλλοι συγγραφείς: | |
|---|---|
| Μορφή: | Βιβλίο |
| Γλώσσα: | Greek English |
| Δημοσίευση: |
Αθήνα :
Γκιούρδας,
c2000
|
| Θέματα: | |
| Ετικέτες: |
Προσθήκη ετικέτας
Δεν υπάρχουν, Καταχωρήστε ετικέτα πρώτοι!
|
MARC
| LEADER | 00000nam a2200000 i 4500 | ||
|---|---|---|---|
| 001 | 1/57721 | ||
| 008 | 040621s2000 gre d | ||
| 020 | |a 960-387-052-8 | ||
| 035 | |l 10073821 | ||
| 040 | |a GR-MY-UA |b |e aacr | ||
| 041 | 0 | |a gre |h eng | |
| 082 | 0 | |a 005. |2 (21) | |
| 245 | 1 | 0 | |a Λογιστικά φύλλα με χρήση του ελληνικού Microsoft Excel 2000 / |c απόδοση Μαρία Γκλαβά |
| 260 | |a Αθήνα : |b Γκιούρδας, |c c2000 | ||
| 300 | |a 171 σ.; |b εικ.; |c 26 εκ.+ |e 1 fd | ||
| 500 | |a Η δισκέτα περιέχει τις ασκήσεις αυτού του βιβλίου | ||
| 630 | 0 | 0 | |a Microsoft Excel (Computer file) |
| 700 | 1 | |4 trl |a Γκλαβά, Μαίρη. | |
| 852 | |a INST |b LESVOS |e 20040621 |h 005.369 ΛΟΓ |p 005100030947 |q 005100030947 |t BK |y 0 | ||
| 852 | |a INST |b LESVOS |e 20050309 |h 005.369 ΛΟΓ |p 005100030946 |q 005100030946 |t BK |y 0 | ||
| 901 | |a BIBL1-2005-1 | ||
| 909 | |a Λ |b 102878 | ||
| 922 | |a 1ΕΛΗ |b 200210 |c ΤΑΚ/ΚΥΒ |d ΠΑΠΑΣΩΤΗΡΙΟΥ | ||
| 950 | |a 023-2002-08-29 | ||
| 970 | |a ΤΖΑΦΕΡΗ |b ΕΥΑΓΓΕΛΙΑ |z 2005/03/09 | ||